| 000 | 00620nam a2200229Ia 4500 | ||
|---|---|---|---|
| 003 | OSt | ||
| 005 | 20220918205016.0 | ||
| 006 | a|||||r|||| 00| 0 | ||
| 007 | ta | ||
| 008 | 220917b |||||||| |||| 00| 0 eng d | ||
| 024 | _a115,019 | ||
| 037 | _cTextual | ||
| 040 |
_aARTS _cARTS _beng |
||
| 041 |
_2eng _aeng |
||
| 082 | _aV5961.H45<-G95, N4 | ||
| 100 |
_aRowell S C _9113880 |
||
| 245 | 0 |
_aLithuania ascending _b a Pangan empire within east central Europe 1295-1345 |
|
| 260 | _c1994 | ||
| 650 | _aHISTORY | ||
| 942 |
_hV5961.H45<-G95, N4 _cTEXL _2CC |
||
| 999 |
_c238349 _d238349 |
||